[Event "IECC Trio 464 email"]
[Site "IECC email"]
[Date "1998.02.22"]
[Round "?"]
[White "Sporn, Michael"]
[Black "Rebolledo, Fabio J"]
[Result "1-0"]
[WhiteElo "1333"]
[BlackElo "1000"]
[PlyCount "73"]
[EventDate "1998.??.??"]
[EventType "tourn (corr)"]
[EventRounds "4"]
[SourceTitle "Corr 2008"]
[Source "ChessBase"]
[SourceDate "2008.06.24"]
[SourceVersion "1"]
[SourceVersionDate "2008.06.24"]
[SourceQuality "1"]

1. e4 e5 2. Nf3 d6 3. d4 f6 4. Bc4 Nc6 5. h3 Na5 6. Be2 a6 7. d5 f5 8. b4 fxe4 9. Nfd2 c6 10. Nxe4 Bf5 11. Ng3 Ne7 12. Bg5 c5 13. Bxe7 Qxe7 14. Nxf5 Qd7 15. Bg4 Qb5 16. bxa5 Qxa5+ 17. Nd2 g6 18. Ne3 Bh6 19. 0-0 0-0 20. Be6+ Kh8 21. Ne4 Rad8 22. g3 b5 23. Qg4 Qa3 24. Ng2 Qa4 25. Nh4 Qxc2 26. Nxg6+ hxg6 27. Qxg6 Bd2 28. Bf5 Rxf5 29. Nf6 Rxf6 30. Qxf6+ Kh7 31. Qxd8 Qg6 32. Qh4+ Kg7 33. f4 Bxf4 34. Rxf4 exf4 35. Qxf4 c4 36. Rf1 Qe8 37. Qf6+ 1-0